How Nigeria is governed (Record no. 421998)

000 -LEADER
fixed length control field 00350cam a22001217a 4500
008 - FIXED-LENGTH DATA ELEMENTS--GENERAL INFORMATION
fixed length control field 180718b1950 xxu||||| |||| 00| 0 eng d
082 ## - DEWEY DECIMAL CLASSIFICATION NUMBER
Classification number B5x669 N644
100 ## - MAIN ENTRY--PERSONAL NAME
Personal name Niven, C.R.
245 ## - TITLE STATEMENT
Title How Nigeria is governed
Statement of responsibility, etc. by C.R. Niven
260 ## - PUBLICATION, DISTRIBUTION, ETC.
Place of publication, distribution, etc. London
Name of publisher, distributor, etc. Longmans, Green and Company
Date of publication, distribution, etc. 1950
300 ## - PHYSICAL DESCRIPTION
Extent 184p
650 ## - SUBJECT ADDED ENTRY--TOPICAL TERM
Topical term or geographic name entry element Nigeria --Politics and government.
Holdings
Withdrawn status Lost status Damaged status Not for loan Permanent Location Current Location Date acquired Full call number Barcode Date last seen Price effective from Koha item type
        Indian Institute of Public Administration Indian Institute of Public Administration 2009-08-11 B5x669 N644 2990 2018-07-21 2018-07-21 Book

Powered by Koha